Statistics for Name Every Godzilla Monster!

Click here to take the quiz!

General Stats

  • This quiz has been taken 845 times
    (488 since last reset)
  • The average score is 22 of 50

Answer Stats

Answer% Correct
Mecha Godzilla
98%
Godzilla Jr
96%
Godzilla
94%
Mothra
89%
King Kong
85%
King Ghidorah
83%
Mecha King Ghidorah
83%
Rodan
82%
Gigan
65%
Anguirus
63%
SpaceGodzilla
61%
Biollante
59%
Muto
58%
Battra
57%
Megalon
56%
Keizer Ghidorah
53%
Minilla
52%
Hedorah
51%
Ebirah
50%
Baragon
49%
Jet Jaguar
49%
Zilla
49%
Monster X
47%
Destoroyah
44%
King Caesar
44%
Kumonga
44%
Manda
43%
Orga
43%
Megaguirus
41%
Titanosaurus
41%
Gorosaurus
40%
Behemoth
37%
Kamacuras
36%
Varan
33%
Gabara
32%
Moguera
32%
Scylla
29%
Giant Condor
20%
Giant Octopus
19%
Methuselah
17%
Dorat
13%
Godzillasaurus
10%
Meganulon
9%
Kamoebas
8%
Shockirus
6%
Giant Lizard
5%
Zilla Jr
5%
Skeleturtle
4%
Man Eater
3%
Salunga
2%

Score Distribution

Percentile by Number Answered

Percent of People with Each Score

Your Score History

You have not taken this quiz since the last reset